| 000 | 00887cam a2200265 a 4500 | ||
|---|---|---|---|
| 999 |
_c647 _d647 |
||
| 001 | 2824 | ||
| 003 | BD-DhUAP | ||
| 005 | 20200126124758.0 | ||
| 008 | 200126s1992 mdu b 001 0 eng | ||
| 020 | _a0847677737 | ||
| 040 |
_aDLC _cBD-DhUAP _dBD-DhUAP _bEng |
||
| 043 | _an-us--- | ||
| 082 | 0 | 0 |
_a305.31 RET _223 |
| 245 | 0 | 0 |
_aRethinking masculinity : _bphilosophical explorations in light of feminism / _cedited by Larry May and Robert A. Strikwerda, with the assistance of Patrick D. Hopkins. |
| 260 |
_aLanham, Maryland : _bRowman & Littlefield Publishers, _cc1992. |
||
| 300 |
_axx, 236 pages ; _c24 cm. |
||
| 490 | _aNew feminist perspective series | ||
| 504 | _aIncludes bibliographical references and index. | ||
| 650 | 0 | _aMasculinity. | |
| 650 | 0 | _aSex role. | |
| 650 | 0 | _aFeminist theory. | |
| 700 | 1 | _aMay, Larry. | |
| 700 | 1 | _aStrikwerda, Robert A. | |
| 942 |
_2ddc _cBK |
||